ბათუმის შოთა რუსთაველის სახელმწიფო უნივერსიტეტის ბიბლიოთეკა

How Children Learn Language (ბიბ.ჩანაწერი № 37593)

000 -LEADER
fixed length control field 00606nam a2200217Ia 4500
001 - CONTROL NUMBER
control field 3565
003 - CONTROL NUMBER IDENTIFIER
control field GE_BSU
005 - DATE AND TIME OF LATEST TRANSACTION
control field 20190624143319.0
008 - FIXED-LENGTH DATA ELEMENTS--GENERAL INFORMATION
fixed length control field 181216s2005||||enk|||||||||||||| ||eng||
020 ## - INTERNATIONAL STANDARD BOOK NUMBER
International Standard Book Number 0521531926
040 ## - CATALOGING SOURCE
Transcribing agency GE_BSU
041 ## - LANGUAGE CODE
Language code of text/sound track or separate title eng
080 ## - UNIVERSAL DECIMAL CLASSIFICATION NUMBER
Universal Decimal Classification number 81+159.922.7
100 ## - MAIN ENTRY--PERSONAL NAME
Personal name O'Grady, William.
9 (RLIN) 2802
245 ## - TITLE STATEMENT
Title How Children Learn Language
264 ## - PRODUCTION, PUBLICATION, DISTRIBUTION, MANUFACTURE, AND COPYRIGHT NOTICE
Place of production, publication, distribution, manufacture Cambridge :
Name of producer, publisher, distributor, manufacturer Cambridge University Press,
Date of production, publication, distribution, manufacture, or copyright notice 2005.
300 ## - PHYSICAL DESCRIPTION
Extent 238 p. ;
Other physical details 21 cm.
653 ## - INDEX TERM--UNCONTROLLED
keyword ინგლისური ენის შესწავლა
653 ## - INDEX TERM--UNCONTROLLED
keyword ფსიქოლოგია
942 ## - ADDED ENTRY ELEMENTS (KOHA)
Koha item type წიგნი
Source of classification or shelving scheme
ეგზემპლარები
Withdrawn status Lost status Source of classification or shelving scheme Damaged status Not for loan Permanent Location Current Location Shelving location Date acquired Full call number Barcode Date last seen Copy number Price effective from Koha item type Public note
          ბათუმის შოთა რუსთაველის სახელმწიფო უნივერსიტეტის მთავარი ბიბლიოთეკა ბათუმის შოთა რუსთაველის სახელმწიფო უნივერსიტეტის მთავარი ბიბლიოთეკა წიგნსაცავი 2018-12-17 81+159.922.7 O-10 5114 2018-12-17 5114 2018-12-17 წიგნი